Statistics for Top 5 Trading Partners of G20

Click here to take the quiz!

General Stats

  • This quiz has been taken 847 times
    (56 since last reset)
  • The average score is 22 of 29

Answer Stats

Answer% Correct
China
100%
UK
100%
Brazil
98%
Japan
98%
USA
98%
Canada
96%
South Korea
96%
India
94%
Mexico
94%
Russia
94%
Australia
92%
Saudi Arabia
88%
Türkiye
88%
Argentina
82%
Chile
80%
Taiwan
80%
UAE
76%
Singapore
73%
Vietnam
73%
Malaysia
71%
EU
69%
Norway
65%
Switzerland
65%
Bangladesh
61%
Iraq
51%
Kazakhstan
49%
Bolivia
43%
Hong Kong
24%
Azerbaijan
22%

Score Distribution

Percentile by Number Answered

Percent of People with Each Score

Your Score History

You have not taken this quiz since the last reset